00947nam a22002177a 450000500170000001000150001702000260003203500140005803700130007208200160008510000230010124500950012426000310021927000830025030000270033370000330036094200270039399900190042095201590043995201310059820250825113005.0 aENG-146498 a9789349015593c895.00 aEN-130030 bDBAD/PUB a346.540325 aAvtar Singh984300 aIntroduction to the Law of Torts and Consumer Protection/cAvtar Singh [and] Harpreet Kaur aGurgaonbLexis Nexisc2025 a14th Floor, Building No.10, Tower-B, DLF Cyber City, Phase-IIbGurgaone122002 alxxix, 477p.c24cm(pb) aHarpreet KaureAuthor984301 2ddccENmAVTh364.5403 c213138d213138 001040708NFICaBL1bBL1d2025-08-25eDelivery of Books Act Divisiong895.00l0oAVT 364.5403pEN-130030r2025-08-25 00:00:00t1v895.00w2025-08-25yEN 001040718FICaDBADbDBADd2026-03-27eDBADg895.00l0oAVT 346.03pEN131697r2026-03-27 00:00:00t1v895.00w2026-03-27yEN